Campfire stories : things that go bump in the night
| Main Author: | |
|---|---|
| Format: | Book |
| Published: |
Indiana :
Ics Books,Inc ,
1985
|
| Subjects: |
MARC
| LEADER | 00000cam a2200000 7i4500 | ||
|---|---|---|---|
| 001 | 0000003926 | ||
| 002 | 000004227 | ||
| 005 | 20000330.0 | ||
| 020 | |a 0934802238 | ||
| 090 | 0 | 0 | |a F |b FOR |
| 100 | 1 | |a Forgey, William W | |
| 245 | 1 | 0 | |a Campfire stories : |b things that go bump in the night |c William W.Forgey,M.D |
| 260 | |a Indiana : |b Ics Books,Inc , |c 1985 | ||
| 300 | |a 176p. ; |c 13cm. | ||
| 650 | 0 | 0 | |a Ghost fiction |
| 999 | |a 035467 |b BUKU |c PINJAMAN |e PERPUSTAKAAN KOMUNITI PETALING JAYA | ||